Potreba skvalitnenia účtovných informácií s využitím nadnárodných úprav, osobitne IFRS, v legislatívnych podmienkach Slovenskej republiky záverečná správa projektu KEGA č. 026EU-4/2016

Guardado en:
Detalles Bibliográficos
Autor principal: Hornická, Renáta, 1977-
Autor Corporativo: Fakulta hospodárskej informatiky EU. Katedra účtovníctva
Otros Autores: Mokošová, Daša, 1979-, Meluchová, Jitka, 1965-, Blahušiaková, Miriama, 1980-, Tumpach, Miloš, 1970-, Šlosár, Rudolf, Fetisovová, Elena
Formato: Libro
Lenguaje:eslovaco
Publicado: Bratislava 2018
Materias:
Etiquetas: Agregar Etiqueta
Sin Etiquetas, Sea el primero en etiquetar este registro!

MARC

LEADER 00000nam a2200000 4500
001 0252040
005 20240521093330.1
041 0 |a slo 
044 |a SK 
245 1 0 |a Potreba skvalitnenia účtovných informácií s využitím nadnárodných úprav, osobitne IFRS, v legislatívnych podmienkach Slovenskej republiky  |b záverečná správa projektu KEGA č. 026EU-4/2016  |c vedúca projektu: Renáta Hornická ... [et al.] ; oponenti: Rudolf Šlosár, Elena Fetisovová 
264 1 |a Bratislava  |c 2018 
300 |a 32 s. 
610 2 0 |a účtovníctvo 
610 2 0 |a jednotka účtovná 
610 2 0 |a riadenie 
610 2 0 |a informácie účtovné 
610 2 0 |a kvalita 
610 2 0 |a štandardy účtovné medzinárodné 
610 2 0 |a IFRS 
610 2 0 |a legislatíva 
610 2 0 |a Slovensko 
100 1 |a Hornická, Renáta, 1977- 
700 1 |a Mokošová, Daša, 1979- 
700 1 |a Meluchová, Jitka, 1965- 
700 1 |a Blahušiaková, Miriama, 1980- 
700 1 |a Tumpach, Miloš, 1970- 
700 1 |a Šlosár, Rudolf 
700 1 |a Fetisovová, Elena 
710 2 |a Fakulta hospodárskej informatiky EU. Katedra účtovníctva